Elhallgatás és tematizáció a tömegmédiában - a migrációs válság, mint manipulatív témakör a televíziós hírműsorokban

Elmentve itt :
Bibliográfiai részletek
Szerző: Soproni Ferenc
További közreműködők: Zsolt Péter (Témavezető)
Dokumentumtípus: Szakdolgozat
Megjelent: 2018
Tárgyszavak:
Online Access:http://diploma.bibl.u-szeged.hu/70366
LEADER 00800nta a2200169 i 4500
001 dipl70366
005 20180619064915.0
008 180604s2018 hu om 0|| zxx d
040 |a SZTE Diploma Repozitórium  |b hun 
041 |a zxx 
100 1 |a Soproni Ferenc 
245 1 0 |a Elhallgatás és tematizáció a tömegmédiában - a migrációs válság, mint manipulatív témakör a televíziós hírműsorokban  |h [elektronikus dokumentum] /  |c Ferenc Soproni 
246 1 0 |a Concealment and Topic Setting in Mass Media - Migration Crisis as a manipulative topic in television news programs  |h [elektronikus dokumentum] 
260 |c 2018 
650 4 |a Bölcsészettudományok 
700 1 |a Zsolt Péter  |e ths 
856 4 0 |u http://diploma.bibl.u-szeged.hu/id/eprint/70366/1/2017_Soproni_Ferenc_E47UIX_SZ.pdf  |z Dokumentum-elérés